Derechos humanos, protección medioambiental y nuevos retos sociales

Uloženo v:
Podrobná bibliografie
Hlavní autoři: Garriga Domínguez, Ana (Autor), Sánchez Bravo, Alvaro (Autor)
Médium: Kniha
Jazyk:španělština
Vydáno: Madrid Dykinson 2015
Témata:
Tagy: Přidat tag
Žádné tagy, Buďte první, kdo vytvoří štítek k tomuto záznamu!

MARC

LEADER 00000cam a2200000 a 4500
001 UCC8899
003 CL-VaPUC
008 190830e20150000sp |||||||||||||||||spa|d
020 |a 9788490853436 
082 0 4 |a 341.762  |b GAR  |2 21 
100 0 |a Garriga Domínguez, Ana  |e author  |9 603596 
700 0 |a Sánchez Bravo, Alvaro  |e author  |9 603597 
245 1 0 |a Derechos humanos, protección medioambiental y nuevos retos sociales 
300 |a 261 p 
942 |c BK 
945 |d 20190830 10:52:00  |a cmena 
260 |a Madrid  |b Dykinson  |c 2015 
650 0 |a Derechos humanos  |9 223025 
650 0 |a Medio ambiente  |9 257625 
650 0 |a Protección del medio ambiente  |9 257626 
650 0 |a Desarrollo sustentable  |9 333905 
650 0 |a Políticas públicas  |9 309677 
583 |a last modification  |c 20190830 10:52:00  |k Rodrigo Vera 
999 |c 375103  |d 375101 
952 |0 0  |1 0  |3 erb  |4 0  |6 341_762000000000000_GAR_2015  |7 0  |8 WP_COW  |9 561077  |a BIBDER  |b BIBDER  |e Fundación W and P Cowley  |i 5597072  |o 341.762 GAR 2015  |p 5597072  |r 2023-01-25  |w 2020-03-12  |y BK  |z Catalogado en:20190830  |k WPC